Báo chí những vấn đề lý luận và thực tiễn

में बचाया:
ग्रंथसूची विवरण
निगमित लेखक: Khoa Báo chí
स्वरूप: पुस्तक
भाषा:Undetermined
प्रकाशित: Hà Nội Đại học Quốc gia Hà Nội [2004]
विषय:
टैग : टैग जोड़ें
कोई टैग नहीं, इस रिकॉर्ड को टैग करने वाले पहले व्यक्ति बनें!
Thư viện lưu trữ: Trung tâm Học liệu Trường Đại học Cần Thơ
LEADER 00624nam a2200205Ia 4500
001 CTU_103826
008 210402s9999 xx 000 0 und d
020 |c 18000 
082 |a 070.4 
082 |b Kh401/T.5 
110 |a Khoa Báo chí 
245 0 |a Báo chí những vấn đề lý luận và thực tiễn 
245 0 |c Khoa Báo chí 
260 |a Hà Nội 
260 |b Đại học Quốc gia Hà Nội 
260 |c [2004] 
650 |a Journalism,Ngành báo chí 
650 |z Vietnam,Việt Nam 
904 |i Minh 
980 |a Trung tâm Học liệu Trường Đại học Cần Thơ